000 00763cam a2200193 4500
001 WB3621-04
008 000000n2000 000 0 eng u
035 _a(Sirsi) u106157
245 _aIs the door closing on first time buyers?
260 _c2000
490 _aSunday Telegraph
_v 28 May 2000 17 (1)
520 _aFirst time house buyers are struggling to afford even modest properties in London. The budgets of many are stretched by prices which according to a Halifax survey are 76% above the rest of the country. Some young people are becoming so cautious that they do not consider entering the market.
590 _aWB
650 _aFIRST-TIME BUYERS
650 _aHOUSES PRICES
650 _aHOUSING STATISTICS
690 _aHOUSING
942 _n0
999 _c63596
_d63596